00498nam a22001697a 450000500170000001000130001702000260003003500130005603700240006908200100009310000150010324500400011826000310015827000820018930000340027150000230030520210216144150.0 aB-736887 a9789383656882c250.00 aB-736887 bGift/Eng/03-02-2021 a001.4 aBalaji, C. aThe joy of research /cby C. Balaji aNew DelhibAne Booksc2015 a4821, Parwana Bhawan, 1st Floor, 24 Ansari Road, DaryaganjbNew Delhie110002 aviii, 185p.:bill.c22cm(pbk) ainclude references